[Event "Oberliga Bayern 2324"]
[Site "Germany"]
[Date "2024.04.28"]
[Round "9.5"]
[White "Golder, Waldemar"]
[Black "Muhl, Christian"]
[Result "1/2-1/2"]
[WhiteElo "2029"]
[BlackElo "1891"]
[PlyCount "83"]
[EventDate "2023.10.22"]
[EventType "team-tourn"]
[EventRounds "9"]
[EventCountry "GER"]
[SourceTitle "EXT 2025"]
[Source "ChessBase"]
[SourceDate "2024.10.14"]
[SourceVersion "1"]
[SourceVersionDate "2024.10.14"]
[SourceQuality "1"]
[WhiteTeam "Groebenzell"]
[BlackTeam "Weilheim"]
[WhiteTeamCountry "GER"]
[BlackTeamCountry "GER"]

1. Nf3 d5 2. e3 Nf6 3. c4 e6 4. Nc3 Be7 5. d4 0-0 6. Bd3 b6 7. 0-0 c5 8. cxd5 exd5 9. b3 Nc6 10. dxc5 bxc5 11. Bb2 Bg4 12. h3 Bh5 13. Ne2 Bxf3 14. gxf3 d4 15. exd4 Qd5 16. Be4 Nxe4 17. fxe4 Qxe4 18. Ng3 Qh4 19. dxc5 Bxc5 20. Qg4 Qxg4 21. hxg4 Bd4 22. Bxd4 Nxd4 23. Kg2 Rfd8 24. Rac1 Ne6 25. Rc4 Rd2 26. Ra4 g5 27. Re1 Nf4+ 28. Kf3 Ng6 29. Nf5 Rd3+ 30. Re3 Rd7 31. Rd4 Nh4+ 32. Ke2 Nxf5 33. Rxd7 Nxe3 34. Kxe3 a5 35. Rd5 h6 36. a4 Ra6 37. f4 gxf4+ 38. Kxf4 Kg7 39. Rb5 Kg6 40. Ke4 Re6+ 41. Kf4 Rf6+ 42. Ke4 1/2-1/2

[Event "GER-ch52 final email"]
[Site "GER email"]
[Date "2022.04.15"]
[Round "?"]
[White "Bissmann, Stefan"]
[Black "Muhl, Christian"]
[Result "1/2-1/2"]
[WhiteElo "2384"]
[BlackElo "2412"]
[PlyCount "75"]
[EventDate "2022.??.??"]
[EventType "tourn (corr)"]
[EventRounds "14"]
[EventCountry "GER"]
[SourceTitle "Corr 2024"]
[Source "ChessBase"]
[SourceDate "2023.10.19"]
[SourceVersion "1"]
[SourceVersionDate "2023.10.19"]
[SourceQuality "1"]

1. d4 Nf6 2. c4 g6 3. Nc3 d5 4. Nf3 Bg7 5. h4 dxc4 6. e4 c5 7. d5 b5 8. h5 0-0 9. hxg6 fxg6 10. d6 e6 11. e5 Ng4 12. Rxh7 Rf5 13. Rh3 Nc6 14. a4 b4 15. Ne4 Ncxe5 16. Nxe5 Nxe5 17. g4 Rf7 18. Bg5 Qb6 19. f4 Nd3+ 20. Bxd3 cxd3 21. a5 Qc6 22. Qxd3 e5 23. Nf6+ Bxf6 24. 0-0-0 Bxg5 25. fxg5 Bxg4 26. Rdh1 Bh5 27. Rxh5 gxh5 28. Qg6+ Kf8 29. Qxh5 Qxd6 30. Qh8+ Ke7 31. Qxa8 Qa6 32. Rd1 Rf1 33. Qd8+ Kf7 34. Qd5+ Kg7 35. Qxe5+ Kg6 36. Qxc5 Rxd1+ 37. Kxd1 Qd3+ 38. Ke1 1/2-1/2

[Event "GER-ch52 final email"]
[Site "GER email"]
[Date "2022.04.15"]
[Round "?"]
[White "Egner, Michael"]
[Black "Muhl, Christian"]
[Result "1/2-1/2"]
[WhiteElo "2334"]
[BlackElo "2412"]
[PlyCount "87"]
[EventDate "2022.??.??"]
[EventType "tourn (corr)"]
[EventRounds "14"]
[EventCountry "GER"]
[SourceTitle "Corr 2024"]
[Source "ChessBase"]
[SourceDate "2023.10.19"]
[SourceVersion "1"]
[SourceVersionDate "2023.10.19"]
[SourceQuality "1"]

1. e4 c5 2. Nf3 d6 3. d4 cxd4 4. Nxd4 Nf6 5. Nc3 a6 6. Nb3 e6 7. g4 b5 8. Bg2 Nfd7 9. 0-0 Nc6 10. f4 Be7 11. a3 Rb8 12. Be3 0-0 13. e5 Qc7 14. exd6 Bxd6 15. Ne4 Be7 16. Qe2 Bb7 17. c3 Nd8 18. g5 Bd5 19. Nbd2 f5 20. gxf6 Nxf6 21. Rae1 Nc6 22. Ng5 Qd7 23. Bf2 Bxg2 24. Kxg2 e5 25. fxe5 Ng4 26. Ndf3 Bxg5 27. Nxg5 Rf5 28. Nf3 Ncxe5 29. Bg3 Rxf3 30. Rxf3 Nxf3 31. Qxf3 Rd8 32. Qe4 h5 33. h3 Nf6 34. Qe6+ Qxe6 35. Rxe6 Rd2+ 36. Kf3 Rxb2 37. Rxa6 Rd2 38. Be5 Rd3+ 39. Kf4 Kf7 40. a4 bxa4 41. Bxf6 gxf6 42. Rxa4 Rxh3 43. Ra1 Rxc3 44. Rh1 1/2-1/2

[Event "GER-ch52 final email"]
[Site "GER email"]
[Date "2022.04.15"]
[Round "?"]
[White "Muhl, Christian"]
[Black "Hildebrand, Gerald"]
[Result "1/2-1/2"]
[WhiteElo "2412"]
[BlackElo "2390"]
[PlyCount "68"]
[EventDate "2022.??.??"]
[EventType "tourn (corr)"]
[EventRounds "14"]
[EventCountry "GER"]
[SourceTitle "Corr 2024"]
[Source "ChessBase"]
[SourceDate "2023.10.19"]
[SourceVersion "1"]
[SourceVersionDate "2023.10.19"]
[SourceQuality "1"]

1. e4 c5 2. Nf3 d6 3. d4 cxd4 4. Nxd4 Nf6 5. Nc3 a6 6. f3 e5 7. Nb3 Be6 8. Be3 Be7 9. Qd2 0-0 10. 0-0-0 Nbd7 11. g4 b5 12. g5 Nh5 13. Nd5 Bxd5 14. exd5 f6 15. gxf6 Bxf6 16. Na5 Qe8 17. Kb1 Kh8 18. c4 bxc4 19. Bxc4 Bd8 20. Rhf1 Bb6 21. Rc1 Bxe3 22. Qxe3 Rf4 23. a3 g6 24. Bb3 Nc5 25. Nc4 Nxb3 26. Qxb3 Rb8 27. Nxd6 Qd8 28. Qxb8 Qxb8 29. Rc8+ Qxc8 30. Nxc8 e4 31. d6 Nf6 32. Nb6 exf3 33. d7 Rd4 34. Rxf3 Nxd7 1/2-1/2

[Event "GER-ch52 final email"]
[Site "GER email"]
[Date "2022.04.15"]
[Round "?"]
[White "Muhl, Christian"]
[Black "Koestner, Wolfgang"]
[Result "1/2-1/2"]
[WhiteElo "2412"]
[BlackElo "2367"]
[PlyCount "65"]
[EventDate "2022.??.??"]
[EventType "tourn (corr)"]
[EventRounds "14"]
[EventCountry "GER"]
[SourceTitle "Corr 2024"]
[Source "ChessBase"]
[SourceDate "2023.10.19"]
[SourceVersion "1"]
[SourceVersionDate "2023.10.19"]
[SourceQuality "1"]

1. d4 Nf6 2. c4 g6 3. Nc3 d5 4. cxd5 Nxd5 5. e4 Nxc3 6. bxc3 Bg7 7. Nf3 c5 8. Rb1 0-0 9. Be2 cxd4 10. cxd4 Qa5+ 11. Bd2 Qxa2 12. 0-0 Bg4 13. Be3 Nc6 14. Rxb7 Rab8 15. Rc7 Rbc8 16. Rxc8 Rxc8 17. h3 Bxf3 18. Bxf3 Rd8 19. d5 Ne5 20. Qb1 Nxf3+ 21. gxf3 Qxb1 22. Rxb1 a5 23. Bc5 e6 24. d6 Be5 25. Rb6 Kg7 26. Ra6 Kh6 27. Kg2 g5 28. h4 gxh4 29. Kh3 Kg7 30. Kxh4 Kg6 31. Kg4 h5+ 32. Kh4 a4 33. Kh3 1/2-1/2

[Event "GER-ch53 V02 email"]
[Site "GER email"]
[Date "2021.04.21"]
[Round "?"]
[White "Muhl, Christian"]
[Black "Traut, Gerhard"]
[Result "1/2-1/2"]
[WhiteElo "2186"]
[BlackElo "2142"]
[PlyCount "68"]
[EventDate "2021.04.21"]
[EventType "tourn (corr)"]
[EventRounds "10"]
[EventCountry "GER"]
[SourceTitle "Corr 2024"]
[Source "ChessBase"]
[SourceDate "2023.10.19"]
[SourceVersion "1"]
[SourceVersionDate "2023.10.19"]
[SourceQuality "1"]

1. d4 Nf6 2. c4 e6 3. Nf3 d5 4. g3 Bb4+ 5. Bd2 Be7 6. Bg2 0-0 7. 0-0 c6 8. Qc2 Nbd7 9. Bf4 b6 10. cxd5 cxd5 11. Rc1 Bb7 12. Bc7 Qe8 13. Qb3 Ne4 14. Nc3 Ndf6 15. Nb5 Bc6 16. Nxa7 Rxa7 17. Qxb6 Rb7 18. Qxc6 Qxc6 19. Rxc6 Rc8 20. Rac1 Rxb2 21. Ne5 Rxa2 22. f3 Nd2 23. Bb6 Rxc6 24. Rxc6 Ra8 25. Kf2 g6 26. Rc2 Nc4 27. Nxc4 dxc4 28. Rxc4 Nd7 29. Rc7 Nxb6 30. Rxe7 Ra4 31. Re8+ Kg7 32. Rd8 Nd5 33. f4 Rxd4 34. Bf3 f5 1/2-1/2

[Event "GER-ch51 final email"]
[Site "GER email"]
[Date "2021.01.18"]
[Round "?"]
[White "Boos, Markus"]
[Black "Muhl, Christian"]
[Result "1/2-1/2"]
[WhiteElo "2155"]
[BlackElo "2186"]
[PlyCount "54"]
[EventDate "2021.??.??"]
[EventType "tourn (corr)"]
[EventRounds "14"]
[EventCountry "GER"]
[SourceTitle "Corr 2024"]
[Source "ChessBase"]
[SourceDate "2023.10.19"]
[SourceVersion "1"]
[SourceVersionDate "2023.10.19"]
[SourceQuality "1"]

1. d4 Nf6 2. c4 g6 3. Nc3 d5 4. cxd5 Nxd5 5. e4 Nxc3 6. bxc3 Bg7 7. Bc4 c5 8. Ne2 Nc6 9. Be3 0-0 10. 0-0 b6 11. Qd2 Bb7 12. Rac1 Rc8 13. Rfd1 Na5 14. Bd3 cxd4 15. cxd4 Rxc1 16. Rxc1 Qd7 17. Bh6 Bxh6 18. Qxh6 Rc8 19. h4 Rxc1+ 20. Qxc1 Nc6 21. Qc3 Qd6 22. f3 e6 23. Kf1 h5 24. g3 Ne7 25. Kf2 Bc6 26. Qc2 a5 27. Ke3 Kg7 1/2-1/2

[Event "GER-ch51 final email"]
[Site "GER email"]
[Date "2021.01.18"]
[Round "?"]
[White "Muhl, Christian"]
[Black "Amann, Hubert"]
[Result "1/2-1/2"]
[WhiteElo "2186"]
[BlackElo "2173"]
[PlyCount "73"]
[EventDate "2021.??.??"]
[EventType "tourn (corr)"]
[EventRounds "14"]
[EventCountry "GER"]
[SourceTitle "Corr 2024"]
[Source "ChessBase"]
[SourceDate "2023.10.19"]
[SourceVersion "1"]
[SourceVersionDate "2023.10.19"]
[SourceQuality "1"]

1. e4 e5 2. Nf3 Nc6 3. Bb5 Nf6 4. 0-0 Nxe4 5. d4 Nd6 6. Bxc6 dxc6 7. dxe5 Nf5 8. Qxd8+ Kxd8 9. Rd1+ Ke8 10. Nc3 Ne7 11. h3 Ng6 12. a4 a5 13. Nd4 Be7 14. Re1 Bc5 15. Nce2 b6 16. b3 Bd7 17. Bb2 Rd8 18. Rad1 Bb4 19. c3 Be7 20. f4 h5 21. Kh2 h4 22. c4 Rh5 23. Bc3 Nf8 24. f5 Bxf5 25. Nf4 Rg5 26. Nxc6 Rxd1 27. Rxd1 Be4 28. Nxe7 Kxe7 29. Re1 Bc2 30. b4 axb4 31. Bxb4+ Ke8 32. a5 bxa5 33. Bxa5 Ng6 34. Nxg6 Rxg6 35. Bxc7 Rc6 36. Bd6 Rxc4 37. Rc1 1/2-1/2

[Event "GER-ch51 final email"]
[Site "GER email"]
[Date "2021.01.18"]
[Round "?"]
[White "Muhl, Christian"]
[Black "Loeffler, Werner"]
[Result "1/2-1/2"]
[WhiteElo "2186"]
[BlackElo "2159"]
[PlyCount "83"]
[EventDate "2021.??.??"]
[EventType "tourn (corr)"]
[EventRounds "14"]
[EventCountry "GER"]
[SourceTitle "Corr 2024"]
[Source "ChessBase"]
[SourceDate "2023.10.19"]
[SourceVersion "1"]
[SourceVersionDate "2023.10.19"]
[SourceQuality "1"]

1. e4 c5 2. Nf3 Nc6 3. Bb5 g6 4. Bxc6 dxc6 5. d3 Bg7 6. h3 Nf6 7. Nc3 0-0 8. Be3 b6 9. Qd2 e5 10. 0-0 Qd6 11. Rae1 Nh5 12. Ne2 f5 13. exf5 gxf5 14. Ng3 Nxg3 15. fxg3 f4 16. Bf2 Be6 17. b3 Rae8 18. Kh2 Bd5 19. Qd1 Qg6 20. Nh4 Qf6 21. a3 Kh8 22. Qe2 Qf7 23. c4 Be6 24. a4 Qd7 25. a5 Qd6 26. gxf4 exf4 27. Qf3 Bd7 28. Re4 Qh6 29. Qd1 Bf6 30. Nf3 Rg8 31. Rxe8 Bxe8 32. d4 cxd4 33. Bxd4 c5 34. Bxf6+ Qxf6 35. axb6 axb6 36. Ne1 Bc6 37. Qd2 Rf8 38. b4 b5 39. cxb5 Bxb5 40. Rf2 cxb4 41. Qxb4 Bc6 42. Qc4 1/2-1/2

[Event "GER-ch52 V03 email"]
[Site "GER email"]
[Date "2020.04.16"]
[Round "?"]
[White "Fabig, Holger"]
[Black "Muhl, Christian"]
[Result "1/2-1/2"]
[WhiteElo "2341"]
[BlackElo "2411"]
[PlyCount "54"]
[EventDate "2020.??.??"]
[EventType "tourn (corr)"]
[EventRounds "10"]
[EventCountry "GER"]
[SourceTitle "Corr 2022"]
[Source "ChessBase"]
[SourceDate "2021.10.24"]
[SourceVersion "1"]
[SourceVersionDate "2021.10.24"]
[SourceQuality "1"]

1. e4 c5 2. Nf3 e6 3. Nc3 a6 4. d4 cxd4 5. Nxd4 Qc7 6. Bd3 Nf6 7. 0-0 d6 8. Kh1 Nbd7 9. a4 b6 10. Qe2 Bb7 11. f4 Be7 12. f5 e5 13. Nf3 0-0 14. Bg5 h6 15. Bh4 Rfe8 16. Bxf6 Nxf6 17. Bc4 Red8 18. Rad1 Bf8 19. Nd5 Bxd5 20. Bxd5 Nxd5 21. Rxd5 Rdc8 22. Rf2 b5 23. axb5 axb5 24. g3 b4 25. b3 Ra5 26. Rxa5 Qxa5 27. Kg2 Rc5 1/2-1/2

[Event "GER-ch52 V03 email"]
[Site "GER email"]
[Date "2020.04.16"]
[Round "?"]
[White "Krebs, Juergen"]
[Black "Muhl, Christian"]
[Result "1/2-1/2"]
[WhiteElo "2311"]
[BlackElo "2411"]
[PlyCount "73"]
[EventDate "2020.??.??"]
[EventType "tourn (corr)"]
[EventRounds "10"]
[EventCountry "GER"]
[SourceTitle "Corr 2022"]
[Source "ChessBase"]
[SourceDate "2021.10.24"]
[SourceVersion "1"]
[SourceVersionDate "2021.10.24"]
[SourceQuality "1"]

1. e4 c5 2. Nf3 d6 3. d4 cxd4 4. Nxd4 Nf6 5. Nc3 a6 6. Be3 e5 7. Nb3 Be7 8. f3 h5 9. Qd2 Be6 10. Nd5 Nxd5 11. exd5 Bf5 12. Be2 Bh4+ 13. g3 Be7 14. Bd3 Bxd3 15. Qxd3 Nd7 16. 0-0-0 0-0 17. Kb1 Rc8 18. Rhg1 Qc7 19. h3 Qc4 20. Qxc4 Rxc4 21. g4 f5 22. Nd2 Rcc8 23. gxf5 Rxf5 24. Rg6 Nf6 25. Rdg1 Ne8 26. c4 b5 27. b3 bxc4 28. bxc4 Bd8 29. c5 Bf6 30. cxd6 Nxd6 31. Ne4 Ne8 32. Bg5 Bxg5 33. R6xg5 Rxf3 34. Rxh5 Rd8 35. Rxe5 Rxh3 36. Nc5 Nf6 37. Ne6 1/2-1/2

[Event "GER-ch51 V06 email"]
[Site "GER email"]
[Date "2019.04.14"]
[Round "?"]
[White "Muhl, Christian"]
[Black "Meyer, Klaus Dieter"]
[Result "1/2-1/2"]
[WhiteElo "2389"]
[BlackElo "2427"]
[PlyCount "66"]
[EventDate "2019.??.??"]
[EventType "tourn (corr)"]
[EventRounds "10"]
[EventCountry "GER"]
[SourceTitle "Corr 2022"]
[Source "ChessBase"]
[SourceDate "2021.10.24"]
[SourceVersion "1"]
[SourceVersionDate "2021.10.24"]
[SourceQuality "1"]

1. e4 c5 2. Nf3 Nc6 3. d4 cxd4 4. Nxd4 Nf6 5. Nc3 e5 6. Ndb5 d6 7. Bg5 a6 8. Na3 b5 9. Nd5 Be7 10. Bxf6 Bxf6 11. c4 b4 12. Nc2 0-0 13. g3 Bg5 14. Bg2 a5 15. 0-0 Ne7 16. Nxe7+ Qxe7 17. h4 Bh6 18. b3 Be6 19. Qd3 Qc7 20. Kh2 Qd7 21. Rad1 Ra6 22. Qe2 g6 23. Rd3 Rb8 24. Ne3 a4 25. Rfd1 Bf8 26. h5 axb3 27. axb3 Rba8 28. Bf3 Ra2 29. R1d2 R2a5 30. Kg2 Bh3+ 31. Kg1 Be6 32. Nc2 Rb8 33. Ne3 Rba8 1/2-1/2

[Event "GER-ch50 V04 email"]
[Site "GER email"]
[Date "2018.05.15"]
[Round "?"]
[White "Schneider, Karl"]
[Black "Muhl, Christian"]
[Result "1/2-1/2"]
[WhiteElo "2334"]
[BlackElo "2409"]
[PlyCount "66"]
[EventDate "2018.??.??"]
[EventType "tourn (corr)"]
[EventRounds "10"]
[EventCountry "GER"]
[SourceTitle "Corr 2020"]
[Source "ChessBase"]
[SourceDate "2019.09.30"]
[SourceVersion "1"]
[SourceVersionDate "2019.09.30"]
[SourceQuality "1"]

1. d4 Nf6 2. c4 g6 3. Nf3 Bg7 4. Nc3 0-0 5. e4 d6 6. h3 e5 7. d5 a5 8. g4 Na6 9. Be3 Nd7 10. a3 Nb6 11. Rg1 Bd7 12. h4 Nc5 13. b3 Kh8 14. g5 f5 15. Nd2 Be8 16. Qc2 fxe4 17. Ncxe4 Nxe4 18. Nxe4 Nc8 19. Rh1 Ne7 20. h5 gxh5 21. Be2 h4 22. Rxh4 Bg6 23. Rh2 Nf5 24. Bh5 Nxe3 25. fxe3 Bxe4 26. Qxe4 Qxg5 27. Kd2 Rf6 28. Be2 Rh6 29. Rah1 Rf8 30. Bd3 Rf7 31. Rg2 Qe7 32. Rxh6 Bxh6 33. Qg4 Qd8 1/2-1/2

[Event "GER-ch47 final email"]
[Site "GER email"]
[Date "2017.01.29"]
[Round "?"]
[White "Bissmann, Stefan"]
[Black "Muhl, Christian"]
[Result "1/2-1/2"]
[WhiteElo "2180"]
[BlackElo "2180"]
[PlyCount "48"]
[EventDate "2017.??.??"]
[EventType "tourn (corr)"]
[EventRounds "14"]
[EventCountry "GER"]
[SourceTitle "Corr 2020"]
[Source "ChessBase"]
[SourceDate "2019.09.30"]
[SourceVersion "1"]
[SourceVersionDate "2019.09.30"]
[SourceQuality "1"]

1. e4 e5 2. Nf3 Nc6 3. d4 exd4 4. Nxd4 Bc5 5. Nb3 Bb6 6. Nc3 Nf6 7. Qe2 a5 8. a4 0-0 9. Be3 Re8 10. Bxb6 cxb6 11. 0-0-0 d5 12. Qe3 Qc7 13. Nd4 Nxd4 14. Rxd4 Bd7 15. Rxd5 Bxa4 16. Rd2 Bc6 17. f3 Re5 18. Kb1 b5 19. f4 Rxe4 20. Nxe4 Nxe4 21. Rd1 Re8 22. Be2 h6 23. Rhf1 b4 24. Qd4 Nc3+ 1/2-1/2

[Event "GER-ch47 final email"]
[Site "GER email"]
[Date "2017.01.29"]
[Round "?"]
[White "Mehlhorn, Uwe"]
[Black "Muhl, Christian"]
[Result "1/2-1/2"]
[WhiteElo "2143"]
[BlackElo "2180"]
[PlyCount "57"]
[EventDate "2017.??.??"]
[EventType "tourn (corr)"]
[EventRounds "14"]
[EventCountry "GER"]
[SourceTitle "Corr 2020"]
[Source "ChessBase"]
[SourceDate "2019.09.30"]
[SourceVersion "1"]
[SourceVersionDate "2019.09.30"]
[SourceQuality "1"]

1. Nf3 Nf6 2. c4 g6 3. g3 Bg7 4. Bg2 0-0 5. d4 c6 6. 0-0 d5 7. cxd5 cxd5 8. Nc3 Ne4 9. Ne5 Nxc3 10. bxc3 Nc6 11. Nxc6 bxc6 12. Qa4 Qb6 13. Bf4 Qa6 14. Qxa6 Bxa6 15. Rfe1 Bc4 16. e3 c5 17. a4 f6 18. e4 e5 19. dxe5 fxe5 20. Bd2 d4 21. cxd4 cxd4 22. Rec1 Bd3 23. Ra3 Be2 24. Bf1 Bxf1 25. Kxf1 Rab8 26. Ra2 Rf7 27. Rac2 Bf8 28. Rc8 Rb3 29. R1c2 1/2-1/2

[Event "GER-ch47 final email"]
[Site "GER email"]
[Date "2017.01.29"]
[Round "?"]
[White "Offenborn, Heinz"]
[Black "Muhl, Christian"]
[Result "1/2-1/2"]
[WhiteElo "2112"]
[BlackElo "2180"]
[PlyCount "93"]
[EventDate "2017.??.??"]
[EventType "tourn (corr)"]
[EventRounds "14"]
[EventCountry "GER"]
[SourceTitle "Corr 2020"]
[Source "ChessBase"]
[SourceDate "2019.09.30"]
[SourceVersion "1"]
[SourceVersionDate "2019.09.30"]
[SourceQuality "1"]

1. d4 Nf6 2. c4 g6 3. Nc3 Bg7 4. e4 d6 5. Nf3 0-0 6. Be2 e5 7. 0-0 Nc6 8. d5 Ne7 9. b4 Nh5 10. Re1 f5 11. Ng5 Nf6 12. exf5 Nxf5 13. a4 a5 14. b5 b6 15. Bf1 Bd7 16. Ra2 Qe7 17. Bd3 Rae8 18. f3 Bc8 19. Bb1 Nd4 20. Ne2 Nf5 21. Nf4 Bh6 22. Nfe6 Bxg5 23. Nxg5 h6 24. Ne4 g5 25. Ng3 Nxg3 26. hxg3 Qg7 27. g4 Bd7 28. Rf2 Re7 29. Bd3 Ref7 30. Ref1 h5 31. Be2 Qh6 32. Qd2 Rg7 33. Bd3 hxg4 34. fxg4 Rff7 35. Be2 Nxg4 36. Bxg4 Bxg4 37. Rxf7 Rxf7 38. Rxf7 Kxf7 39. c5 dxc5 40. Qe1 Qf6 41. Bb2 c4 42. Bxe5 Qe7 43. Qe4 c3 44. Qh7+ Ke8 45. Qg6+ Kf8 46. Qh6+ Kf7 47. Qg7+ 1/2-1/2

[Event "GER-ch47 final email"]
[Site "GER email"]
[Date "2017.01.29"]
[Round "?"]
[White "Schaefer, Uwe"]
[Black "Muhl, Christian"]
[Result "1/2-1/2"]
[WhiteElo "2032"]
[BlackElo "2180"]
[PlyCount "63"]
[EventDate "2017.??.??"]
[EventType "tourn (corr)"]
[EventRounds "14"]
[EventCountry "GER"]
[SourceTitle "Corr 2020"]
[Source "ChessBase"]
[SourceDate "2019.09.30"]
[SourceVersion "1"]
[SourceVersionDate "2019.09.30"]
[SourceQuality "1"]

1. d4 Nf6 2. c4 g6 3. Nc3 Bg7 4. e4 d6 5. f4 0-0 6. Nf3 c5 7. dxc5 Na6 8. cxd6 exd6 9. Bd3 Qb6 10. Na4 Qc6 11. Nd4 Qe8 12. 0-0 Nxe4 13. Nb5 Bd7 14. Re1 d5 15. cxd5 Bxb5 16. Rxe4 Bxa4 17. Qxa4 Qxa4 18. Rxa4 Nc5 19. Ra3 Rfd8 20. Be2 Rxd5 21. Rb1 Re8 22. Kf1 Ne4 23. Rd3 Rxd3 24. Bxd3 Bd4 25. b3 f5 26. Bxe4 Rxe4 27. Bd2 b6 28. Rc1 Bc5 29. g3 Kf7 30. b4 Bd6 31. a3 Re7 32. Kf2 1/2-1/2

[Event "GER MS-207 email"]
[Site "GER email"]
[Date "2014.11.24"]
[Round "?"]
[White "Muhl, Christian"]
[Black "Schneider, Karl"]
[Result "1/2-1/2"]
[WhiteElo "2170"]
[BlackElo "2123"]
[PlyCount "52"]
[EventDate "2014.12.01"]
[EventType "tourn (corr)"]
[EventRounds "6"]
[EventCountry "GER"]
[SourceTitle "Corr 2020"]
[Source "ChessBase"]
[SourceDate "2019.09.30"]
[SourceVersion "1"]
[SourceVersionDate "2019.09.30"]
[SourceQuality "1"]

1. Nf3 d5 2. c4 c6 3. b3 Nf6 4. Bb2 Bf5 5. g3 e6 6. Bg2 Nbd7 7. 0-0 h6 8. d3 Be7 9. Nbd2 0-0 10. a3 a5 11. Qc2 Bh7 12. Bc3 Qc7 13. Qb2 c5 14. d4 dxc4 15. bxc4 Qb6 16. Qxb6 Nxb6 17. a4 Nfd7 18. Nb3 Nxc4 19. Rfc1 Rfc8 20. Be1 cxd4 21. Nfxd4 Rab8 22. Nxa5 Nxa5 23. Bxa5 Rxc1+ 24. Rxc1 Ra8 25. Bc3 Rxa4 26. Bxb7 Nc5 1/2-1/2

[Event "Oberliga NRW 0102 II"]
[Site "Germany"]
[Date "2001.09.30"]
[Round "1.8"]
[White "Muhl, Christian"]
[Black "Schmidt, Ruediger"]
[Result "0-1"]
[WhiteElo "1924"]
[BlackElo "2149"]
[PlyCount "116"]
[EventDate "2001.10.??"]
[EventType "team-tourn"]
[EventRounds "9"]
[EventCountry "GER"]
[SourceTitle "EXT 2004"]
[Source "ChessBase"]
[SourceDate "2003.11.25"]
[SourceVersion "1"]
[SourceVersionDate "2003.11.25"]
[SourceQuality "1"]
[WhiteTeam "Betzdorf Kirchen"]
[BlackTeam "Godesberg II"]
[WhiteTeamCountry "GER"]
[BlackTeamCountry "GER"]

1. Nf3 d5 2. c4 d4 3. g3 Nc6 4. d3 e5 5. Bg2 Bd6 6. 0-0 Nge7 7. a3 a5 8. Qc2 b6 9. b3 0-0 10. e3 Bg4 11. exd4 Bxf3 12. Bxf3 Nxd4 13. Qd1 Nxf3+ 14. Qxf3 Qd7 15. Bb2 f6 16. Nc3 Bc5 17. Ne2 Qf5 18. Qe4 Rad8 19. Rad1 Rd7 20. g4 Qxe4 21. dxe4 Rfd8 22. Nc3 Bd4 23. Kg2 Bxc3 24. Rxd7 Rxd7 25. Bxc3 Rd3 26. Rc1 Ng6 27. Kf1 Kf7 28. c5 Nf4 29. Ke1 Rh3 30. Kd2 Rxh2 31. cxb6 cxb6 32. Rf1 Rg2 33. b4 axb4 34. Bxb4 Rxg4 35. f3 Rg2+ 36. Kc3 b5 37. Bc5 h5 38. Be3 Re2 39. Bxf4 exf4 40. Kb4 Re3 41. Ra1 Rxf3 42. Kxb5 Re3 43. a4 Rxe4 44. a5 Re8 45. Kb6 g5 46. Rc1 f3 47. a6 Ra8 48. Kb7 Rxa6 49. Kxa6 Ke6 50. Kb5 Kd5 51. Rd1+ Ke4 52. Kc4 f2 53. Kc3 Ke3 54. Kc2 g4 55. Rd3+ Ke2 56. Rd2+ Kf3 57. Rd3+ Kg2 58. Rd2 Kg1 0-1

[Event "Oberliga NRW 0001 I"]
[Site "NRW"]
[Date "2001.04.22"]
[Round "8.8"]
[White "Muhl, Christian"]
[Black "Dick, Matthias"]
[Result "1/2-1/2"]
[WhiteElo "1922"]
[BlackElo "1936"]
[PlyCount "32"]
[EventDate "2000.09.24"]
[EventType "team-tourn"]
[EventRounds "9"]
[EventCountry "GER"]
[SourceTitle "EXT 2006"]
[Source "ChessBase"]
[SourceDate "2005.11.24"]
[SourceVersion "1"]
[SourceVersionDate "2005.11.24"]
[SourceQuality "1"]
[WhiteTeam "Betzdorf Kirchen"]
[BlackTeam "Muelheim"]
[WhiteTeamCountry "GER"]
[BlackTeamCountry "GER"]

1. Nf3 c5 2. c4 g6 3. g3 Bg7 4. Bg2 e6 5. 0-0 Ne7 6. d4 cxd4 7. Nxd4 a6 8. Nc3 0-0 9. e4 Qc7 10. Be3 Qxc4 11. Na4 Qc7 12. Nb3 Nbc6 13. Nb6 Rb8 14. Qc2 d5 15. exd5 Nxd5 16. Nxd5 exd5 1/2-1/2

[Event "Oberliga NRW 9900 I"]
[Site "Germany"]
[Date "2000.03.22"]
[Round "7.7"]
[White "Schmitz, Andreas Arnold"]
[Black "Muhl, Christian"]
[Result "1-0"]
[WhiteElo "2130"]
[BlackElo "1918"]
[PlyCount "119"]
[EventDate "1999.10.26"]
[EventType "team"]
[EventRounds "9"]
[EventCountry "GER"]
[SourceTitle "EXT 2001"]
[Source "ChessBase"]
[SourceDate "2000.11.22"]
[SourceVersion "1"]
[SourceVersionDate "2000.11.22"]
[SourceQuality "1"]
[WhiteTeam "Heiligenhaus"]
[BlackTeam "Betzdorf Kirchen"]
[WhiteTeamCountry "GER"]
[BlackTeamCountry "GER"]

1. e4 c5 2. c3 Nf6 3. e5 Nd5 4. d4 e6 5. Nf3 Nc6 6. Be2 cxd4 7. cxd4 Bb4+ 8. Bd2 Qb6 9. Bxb4 Qxb4+ 10. Qd2 d6 11. 0-0 0-0 12. a3 Qxd2 13. Nbxd2 dxe5 14. dxe5 Nf4 15. Bc4 Ng6 16. Rfe1 a6 17. Nb3 b6 18. Rad1 Bb7 19. Rd7 Rab8 20. Rc7 b5 21. Nc5 bxc4 22. Nxb7 Nce7 23. Nd6 Rxb2 24. Rxc4 Rb6 25. Rd4 Nc6 26. Rdd1 Rb3 27. Nc4 Rc3 28. Rc1 Rxc1 29. Rxc1 h6 30. g3 Rb8 31. h4 Rb3 32. Ncd2 Rb6 33. Rc5 Nge7 34. Kg2 Rb2 35. Ne4 Rb3 36. a4 Rb4 37. Nc3 f6 38. exf6 gxf6 39. Ne1 Ne5 40. Rc7 Nd5 41. Rc8+ Kf7 42. Nc2 Rc4 43. Rxc4 Nxc4 44. Nxd5 exd5 45. Nb4 Nb2 46. a5 d4 47. Kf3 f5 48. Ke2 Nc4 49. Nc6 Kf6 50. f4 h5 51. Kd3 Nd6 52. Kxd4 Ne4 53. Nb4 Nxg3 54. Nxa6 Ne2+ 55. Ke3 Nc3 56. Nc7 Ne4 57. a6 Nd6 58. a7 Nc4+ 59. Kd4 Nb6 60. Nd5+ 1-0

[Event "Oberliga NRW 9900 I"]
[Site "Germany"]
[Date "2000.03.01"]
[Round "6.6"]
[White "Heisel, Guido"]
[Black "Muhl, Christian"]
[Result "1-0"]
[WhiteElo "2235"]
[BlackElo "1918"]
[PlyCount "49"]
[EventDate "1999.10.26"]
[EventType "team"]
[EventRounds "9"]
[EventCountry "GER"]
[SourceTitle "EXT 2001"]
[Source "ChessBase"]
[SourceDate "2000.11.22"]
[SourceVersion "1"]
[SourceVersionDate "2000.11.22"]
[SourceQuality "1"]
[WhiteTeam "Duisburg II"]
[BlackTeam "Betzdorf Kirchen"]
[WhiteTeamCountry "GER"]
[BlackTeamCountry "GER"]

1. d4 d5 2. e3 Nf6 3. Bd3 c5 4. c3 e6 5. f4 Nc6 6. Nf3 Be7 7. Nbd2 c4 8. Bc2 b5 9. 0-0 a5 10. e4 dxe4 11. Nxe4 Nd5 12. Ne5 Nxe5 13. fxe5 Ra7 14. Qg4 g6 15. Qf3 Bf8 16. Bg5 Qb6 17. b3 f5 18. exf6 Rf7 19. bxc4 bxc4 20. Rab1 Qa7 21. Qg3 Qc7 22. Qxc7 Rxc7 23. f7+ Rxf7 24. Ba4+ Rd7 25. Rb8 1-0